000 00550cam a2200205 4500
001 44953
090 _a44953
100 _a19911122d1991 em y0pory5003 ba
101 1 _apor
102 _aPT
200 1 _aCaso sem solucão
_fLeo Bruce
_gtrad. Catarina Lima
210 9 _aLisboa
_cLivros do Brasil,
_d1991
215 _a202, [1] p.
_d16 cm
225 2 _aVampiro
_v528
304 _aTít. orig. : Case with no conclusion
675 _a821.111-312.4"19"
_vBN
_zpor
700 1 _aBruce,
_bLeo,
702 1 _aLima,
_bCatarina
_4730
801 0 _aPT
_bBN
_gRPC
990 _cLIVROS